[Event "Chrudim op"]
[Site "Chrudim"]
[Date "2002.07.12"]
[Round "5"]
[White "Mrha, Jan"]
[Black "Belohlavek, Jiri"]
[Result "0-1"]
[WhiteElo "1820"]
[BlackElo "1826"]
[PlyCount "76"]
[EventDate "2002.07.??"]
[EventType "swiss"]
[EventRounds "9"]
[EventCountry "CZE"]
[SourceTitle "EXT 2006"]
[Source "ChessBase"]
[SourceDate "2005.11.24"]
[SourceVersion "1"]
[SourceVersionDate "2005.11.24"]
[SourceQuality "1"]

1. c4 Nf6 2. Nc3 e6 3. d4 d5 4. e3 b6 5. cxd5 exd5 6. Nf3 Bb7 7. Bd2 Nbd7 8. Be2 c5 9. 0-0 Bd6 10. Ne1 0-0 11. Bf3 Ne4 12. Nxe4 dxe4 13. Be2 Rc8 14. Bc3 c4 15. Qa4 Nf6 16. g3 a6 17. Qd1 Nd5 18. a3 f5 19. Ng2 Rf6 20. Bd2 b5 21. f4 Qe7 22. Rc1 Nb6 23. Ba5 Na4 24. Bxc4+ Rxc4 25. Rxc4 Nxb2 26. Qb3 Nxc4 27. a4 Qf7 28. Bb4 Bxb4 29. Qxb4 Qf8 30. Rb1 Qxb4 31. Rxb4 Rb6 32. axb5 axb5 33. h3 Kf7 34. Kf2 Bc6 35. g4 Ra6 36. Rb3 Ra2+ 37. Kg3 Ra3 38. d5 Rxb3 0-1

[Event "Chrudim op"]
[Site "Chrudim"]
[Date "2002.07.10"]
[Round "3"]
[White "Ptacek, Lubos"]
[Black "Belohlavek, Jiri"]
[Result "1/2-1/2"]
[WhiteElo "2009"]
[BlackElo "1826"]
[PlyCount "91"]
[EventDate "2002.07.??"]
[EventType "swiss"]
[EventRounds "9"]
[EventCountry "CZE"]
[SourceTitle "EXT 2006"]
[Source "ChessBase"]
[SourceDate "2005.11.24"]
[SourceVersion "1"]
[SourceVersionDate "2005.11.24"]
[SourceQuality "1"]

1. e4 c6 2. d4 d5 3. exd5 cxd5 4. Nf3 Nc6 5. Bf4 Bf5 6. Bd3 Bg6 7. Ne5 e6 8. Nxg6 hxg6 9. c3 Bd6 10. Qf3 Nge7 11. Nd2 Nf5 12. Bxd6 Qxd6 13. g3 0-0 14. 0-0 Rac8 15. h4 Rc7 16. h5 gxh5 17. Qxh5 g6 18. Qg4 Nce7 19. Nf3 f6 20. Rae1 Kf7 21. Nh4 Rh8 22. Ng2 e5 23. dxe5 fxe5 24. Rd1 Rd7 25. Rfe1 Qf6 26. Qa4 Nc6 27. Be4 Rhd8 28. Qb3 Qe6 29. Bc2 Nfe7 30. Qa4 Qh3 31. Qh4 Qxh4 32. Nxh4 Kf6 33. Re3 e4 34. f3 Nf5 35. Nxf5 gxf5 36. Kg2 Ne5 37. fxe4 dxe4 38. Rxd7 Rxd7 39. Re2 Nf3 40. Kf2 Kg5 41. a4 Kg4 42. Bxe4 Ng5 43. Bc2 f4 44. gxf4 Kxf4 45. Bg6 Rg7 46. Bc2 1/2-1/2

[Event "CZE-ch U18"]
[Site "Czech Republic"]
[Date "2001.??.??"]
[Round "?"]
[White "Belohlavek, Jiri"]
[Black "Cervinka, Pavel"]
[Result "1-0"]
[WhiteElo "1675"]
[BlackElo "1840"]
[PlyCount "79"]
[EventDate "2001.??.??"]
[EventType "swiss"]
[EventRounds "9"]
[EventCountry "CZE"]
[SourceTitle "EXT 2003"]
[Source "ChessBase"]
[SourceDate "2002.11.25"]
[SourceVersion "1"]
[SourceVersionDate "2002.11.25"]
[SourceQuality "1"]

1. d4 Nf6 2. c4 c5 3. d5 b5 4. cxb5 d6 5. Nc3 g6 6. e4 Bg7 7. Be2 Nbd7 8. Nf3 0-0 9. 0-0 a6 10. bxa6 Bxa6 11. Bf4 Qb8 12. Qd2 Bxe2 13. Qxe2 Nh5 14. Bg5 Re8 15. Rfe1 Ne5 16. Nxe5 Bxe5 17. Qc2 Qb4 18. Bd2 Reb8 19. Nd1 Qb5 20. Bc3 Bxc3 21. Qxc3 Nf4 22. Qd2 Nd3 23. Re3 Ne5 24. Rh3 h5 25. Qg5 Rxa2 26. Rxa2 Qe2 27. Ne3 Qe1+ 28. Nf1 Ng4 29. Qf4 Qb1 30. Rha3 Rb4 31. Ra4 Rb3 32. h3 Ne5 33. Qh6 Rb8 34. Ra8 Nd7 35. Rxb8+ Nxb8 36. Ra8 Qxb2 37. Qd2 Qb7 38. Qa5 Kg7 39. Qa7 Qb4 40. Qxb8 1-0

[Event "CZE-ch U18"]
[Site "Czech Republic"]
[Date "2001.??.??"]
[Round "?"]
[White "Bujak, Michal"]
[Black "Belohlavek, Jiri"]
[Result "1-0"]
[WhiteElo "2045"]
[BlackElo "1675"]
[PlyCount "101"]
[EventDate "2001.??.??"]
[EventType "swiss"]
[EventRounds "9"]
[EventCountry "CZE"]
[SourceTitle "EXT 2003"]
[Source "ChessBase"]
[SourceDate "2002.11.25"]
[SourceVersion "1"]
[SourceVersionDate "2002.11.25"]
[SourceQuality "1"]

1. e4 c5 2. Nf3 Nc6 3. d4 cxd4 4. Nxd4 Nf6 5. Nc3 e5 6. Ndb5 d6 7. a4 a6 8. Na3 Be7 9. Bg5 Be6 10. Bc4 0-0 11. Bxf6 Bxf6 12. 0-0 Bg5 13. Nd5 Ne7 14. c3 Rc8 15. Qb3 Bxd5 16. Bxd5 Nxd5 17. Qxd5 Qc7 18. Rfd1 Rfd8 19. g3 Rd7 20. Kg2 Qc5 21. h4 Bd8 22. Rd2 Kf8 23. Nc2 a5 24. Rad1 Ke7 25. Ne3 g6 26. Qb3 Rc6 27. Rd5 Qa7 28. Nc4 f6 29. h5 Qa6 30. Rb5 Rc5 31. hxg6 hxg6 32. Nxd6 Qxd6 33. Rxd6 Kxd6 34. Qd1+ Ke7 35. Qxd7+ Kxd7 36. Rxc5 b6 37. Rd5+ Kc7 38. f4 exf4 39. gxf4 Be7 40. Kf3 Kc6 41. Rd1 Kc7 42. Rg1 g5 43. fxg5 fxg5 44. Kg4 Kd6 45. Kf5 Kc5 46. Rxg5 Kc4 47. Rg6 Bc5 48. Rc6 Kb3 49. e5 Kxb2 50. e6 Kxc3 51. e7 1-0

[Event "CZE-ch U18"]
[Site "Czech Republic"]
[Date "2001.??.??"]
[Round "?"]
[White "Mejzlik, Vojtech"]
[Black "Belohlavek, Jiri"]
[Result "0-1"]
[WhiteElo "2015"]
[BlackElo "1675"]
[PlyCount "98"]
[EventDate "2001.??.??"]
[EventType "swiss"]
[EventRounds "9"]
[EventCountry "CZE"]
[SourceTitle "EXT 2003"]
[Source "ChessBase"]
[SourceDate "2002.11.25"]
[SourceVersion "1"]
[SourceVersionDate "2002.11.25"]
[SourceQuality "1"]

1. c4 e6 2. Nc3 d5 3. cxd5 exd5 4. d4 c6 5. Nf3 Bf5 6. Bf4 Bd6 7. Bxd6 Qxd6 8. e3 Nd7 9. Bd3 Ne7 10. 0-0 Bg4 11. h3 h5 12. Be2 f5 13. Nh2 Bxe2 14. Qxe2 0-0-0 15. Rac1 Kb8 16. f4 Qf6 17. Nf3 Rde8 18. b4 Ng6 19. Ne5 Ngxe5 20. fxe5 Nxe5 21. dxe5 Qxe5 22. b5 d4 23. exd4 Qxe2 24. Nxe2 Rxe2 25. bxc6 Rf8 26. Rb1 b6 27. Rfd1 Kc7 28. d5 Rd8 29. Rbc1 Rd6 30. Rc3 b5 31. Rc5 a6 32. a4 b4 33. a5 b3 34. Kf1 Rc2 35. Rxc2 bxc2 36. Rc1 Rxd5 37. Rxc2 Rxa5 38. Kf2 Re5 39. Kf3 Re6 40. Kf4 Rxc6 41. Rb2 g6 42. Ke5 a5 43. Ra2 Ra6 44. Kd5 Kd7 45. Ra4 Ke7 46. Ke5 Re6+ 47. Kd5 Kf6 48. Ra3 Re4 49. g3 a4 0-1